• 首页
  • 本馆介绍
  • 公告通知
  • 最新文献
  • 馆藏检索
  • 电子资源
  • 读者导购
  • 参考咨询
  • 我的图书馆
  • 登录
  • 详细信息显示
  • 放入我的书架
  • 预约/预借图书
  • 作者相关作品
  • 分类相关作品
  • 丛书相关作品
  • 出版社相关作品

书目信息

  • 表格格式
  • 工作单格式
  • 卡片格式
题名:
资本主义以前的社会经济制度
    
 
作者: 孙健 著
分册:  
出版信息: 上海   上海人民出版社  1980.9
页数: 184页
开本: 19cm
丛书名:
单 册:
中图分类: F021
科图分类:
主题词: 前资本主义社会--生产方式
电子资源:
ISBN:
000 00587nam0 2200205 45
001 0211180805
005 20040421144040.5
010    @dCNY0.43
091    @a4074.433
100    @a20021118d1980 km y0chiy0120 ea
101 0  @achi
105    @a z 000yy
200 1  @a资本主义以前的社会经济制度@AZi Ben Zhu Yi Yi Qian De She Hui Jing Ji Zhi Du@f孙健著@FSun Jian Zhu
210    @a上海@c上海人民出版社@d1980.9
215    @a184页@d19cm
606 0  @a前资本主义社会@x生产方式
690    @aF021@v3
701  0 @a孙健@4著
801    @aCN@bTSTC@c20030908
905    @dF021@e14@f1@b67762@b67764@f1
    
    资本主义以前的社会经济制度/孙健著.-上海:上海人民出版社,1980.9
    184页;19cm
    
    
    ISBN :CNY0.43
    
●
相关链接 在E读中查询图书 在五车中查询图书 在当当中查询图书 在豆瓣中查询图书


正题名:资本主义以前的社会经济制度     索取号:F021/14         预约/预借

序号 登录号 条形码 馆藏地/架位号 状态 备注
1 0067762   001270957   第一借阅区/ [索取号:F021/14] 在馆    
2 0067763   000194658   密集书库/ [索取号:F021/14] 在馆    
3 0067764   001270948   密集书库/ [索取号:F021/14] 在馆    
4 0067765   000194649   密集书库/ [索取号:F021/14] 在馆    
5 0067766   001791779   密集书库/ [索取号:F021/14] 在馆    
6 0067767   001813452   密集书库/ [索取号:F021/14] 在馆    
7 0067768   001270966   第一样本阅览室/ [索取号:F021/14] 在馆    
唐山师范学院图书馆 欢迎您!
大连网信软件有限公司© 版权所有